000 00403nam a2200109Ia 4500
008 160909s9999 xx 000 0 und d
100 _aMoxley, Melissa E.
245 4 _aThe disparity in a free appropriate public education: Minority parents and access through advocacy
260 _bPepperdine University
_c2016
650 _aEDUC/SPED
856 _uhttp://pqdtopen.proquest.com/doc/1781654622.html?FMT=ABS
999 _c304989
_d304989